Sổ tay nuôi cá gia đình
Gorde:
| Egile nagusia: | |
|---|---|
| Formatua: | Liburua |
| Hizkuntza: | Undetermined |
| Argitaratua: |
Hà Nội
Nông Nghiệp
1993
|
| Gaiak: | |
| Etiketak: |
Etiketa erantsi
Etiketarik gabe, Izan zaitez lehena erregistro honi etiketa jartzen!
|
| Thư viện lưu trữ: | Trung tâm Học liệu Trường Đại học Cần Thơ |
|---|
| LEADER | 00499nam a2200181Ia 4500 | ||
|---|---|---|---|
| 001 | CTU_14363 | ||
| 008 | 210402s9999 xx 000 0 und d | ||
| 082 | |a 639.2 | ||
| 082 | |b Kh411 | ||
| 100 | |a Nguyễn Duy Khoát | ||
| 245 | 0 | |a Sổ tay nuôi cá gia đình | |
| 245 | 0 | |c Nguyễn Duy Khoát | |
| 260 | |a Hà Nội | ||
| 260 | |b Nông Nghiệp | ||
| 260 | |c 1993 | ||
| 650 | |a fish-culture | ||
| 904 | |i Minh, 970103 | ||
| 980 | |a Trung tâm Học liệu Trường Đại học Cần Thơ | ||